000 00491nam a2200193Ia 4500
003 0100
008 130303s9999 xx 000 0 und d
040 _cARRUPELIB
050 _aLA1505.S41964
245 _aTraditions of African education
260 _aNew York
260 _bBureau of Publications
260 _C1964
300 _avi
300 _b 184 p. 18 cm
440 _aClassics in education, no. 16
700 _aedited by David G. Scanlon , Scanlon, David G
942 0 0 _02
999 _c42074
_d42074